Visualizzazione normale
Vista MARC
- MUSICA LEGGERA [DISCHI]
di Topical Term
Records bibliografici associati: 1
001 - CONTROL NUMBER
- control field: 24600
003 - CONTROL NUMBER IDENTIFIER
- control field: IT-RoPau
005 - DATE AND TIME OF LATEST TRANSACTION
- control field: 20140511205915.0
008 - FIXED-LENGTH DATA ELEMENTS
- fixed length control field: 140511|| aca||aabn | a|a d
040 ## - CATALOGING SOURCE
- Original cataloging agency: IT-RoPau
- Transcribing agency: IT-RoPau
150 ## - HEADING--TOPICAL TERM
- Topical term or geographic name entry element: MUSICA LEGGERA [DISCHI]
- : Codice MATERIA SPICS: 9950
670 ## - SOURCE DATA FOUND
- Source citation: Work cat.: (IT-RoPau)99611: AA.VV. 794, Przeboje Na "Trojke" (Lp 103)